banner koha

Novas Cultivares de Ameixeira (Prunus salicina Lind 1.)pouco exigentes de frio (Registro n. 322845)

MARC details
000 -LÍDER
campo de controle de tamanho fixo 01241naa a22003617a 4500
001 - NÚMERO DE CONTROLE
campo de controle BR9400721
003 - IDENTIFICADOR DO NÚMERO DE CONTROLE
campo de controle BR-BrBNA
005 - DATA E HORÁRIO DA ÚLTIMA TRANSAÇÃO
campo de controle 20240918180943.0
007 - CAMPO FIXO DE DESCRIÇÃO FÍSICA--INFORMAÇÃO GERAL
campo de controle de tamanho fixo ta
008 - CAMPO DE DADOS FIXOS--INFORMAÇÃO GERAL
campo de controle de tamanho fixo 230509b bl.||||| |||| 00| 0 por d
040 ## - FONTE DA CATALOGAÇÃO
Instituição da catalogação original BR-BrBNA
Idioma da catalogação por
Instituição que transcreveu o registro Biblioteca Nacional de Agricultura
041 ## - CÓDIGO DE IDIOMA
Código do idioma do texto/trilha sonora ou título diferente (Pt)
072 ## - CÓDIGO DE CATEGORIA DE ASSUNTO
Código de Categoria de Assunto F30; F40
Código do objeto 0720
090 ## - NÚMERO DE CHAMADA LOCAL
Número de chamada F30 BR9400721
100 1# - ENTRADA PRINCIPAL--NOME PESSOAL
Nome pessoal Ojima, M.
100 1# - ENTRADA PRINCIPAL--NOME PESSOAL
Nome pessoal Rigitano, O.
100 1# - ENTRADA PRINCIPAL--NOME PESSOAL
Nome pessoal Dall'Orto, F.A.C.
100 1# - ENTRADA PRINCIPAL--NOME PESSOAL
Nome pessoal Scaranari, H.J.
100 1# - ENTRADA PRINCIPAL--NOME PESSOAL
Nome pessoal Martins, F.P.
111 1# - ENTRADA PRINCIPAL--NOME DO EVENTO
Nome do evento ou lugar 5. Congresso Brasileiro de Fruticultura
Local do evento Pelotas, RS (Brazil)
Data do evento ou assinatura do tratado 7-14 Jan. 1979
245 1# - TÍTULO
Título Novas Cultivares de Ameixeira (Prunus salicina Lind 1.)pouco exigentes de frio
260 3# - PUBLICAÇÃO, DISTRIBUIÇÃO, ETC.
Local de publicação, distribuição, etc. Pelotas, RS (Brasil):
Data da publicação, distribuição, etc. 1979.
500 ## - NOTA GERAL
Nota geral Anais do 5. Congresso Brasileiro de Fruticultura, v. 2<br/>Pelotas, RS (Brasil): 1979. p. 708-715<br/>(BR9400721-AM)F30<br/>
650 ## - ASSUNTO--TERMO TÓPICO
Cabeçalho tópico ou nome geográfico Ameixa
650 ## - ASSUNTO--TERMO TÓPICO
Cabeçalho tópico ou nome geográfico Variedade
650 ## - ASSUNTO--TERMO TÓPICO
Cabeçalho tópico ou nome geográfico Selecao
650 ## - ASSUNTO--TERMO TÓPICO
Cabeçalho tópico ou nome geográfico Resistencia a Temperatura
650 ## - ASSUNTO--TERMO TÓPICO
Cabeçalho tópico ou nome geográfico Melhoramento Genetico Vegetal
650 ## - ASSUNTO--TERMO TÓPICO
Cabeçalho tópico ou nome geográfico Sao Paulo
773 0# - ENTRADA ANALÍTICA
Título Anais do 5. Congresso Brasileiro de Fruticultura, v. 2
Número de controle do registro F30 BR9400721
Partes relacionadas Pelotas, RS (Brasil), 1979. p. 708-715
909 ## -
-- 202404
-- Lucia
-- 55
-- Lucia Elande
942 ## - ELEMENTOS DE ENTRADA ADICIONADOS (KOHA)
Tipo de material Koha Capítulo-Livro
Fonte da classificação ou esquema de arquivamento na estante Classificação AGRIS
Exemplares
Situação do descarte Fonte da classificação ou esquema de arquivamento na estante Situação física Não pode ser emprestado Coleção Biblioteca de origem Biblioteca atual Localização na estante Total de empréstimos Número de telefone completo Data de último acesso Número do exemplar Tipo de material Koha Situação das perdas Data de aquisição Fonte de aquisição
  Classificação AGRIS       Biblioteca Nacional de Agricultura - Binagri Biblioteca Nacional de Agricultura - Binagri Agrobase - Acervo Geral   F04 BR2015006850 20/05/2024 01 Capítulo-Livro   2024-04-11 Portaria Interministerial nº 164/94

BINAGRI

Telefone: (61)3218-2567/2388/3357/2097 - binagri@agro.gov.br

Ministério da Agricultura e Pecuária , Esplanada dos Ministérios, Bloco D, Anexo B, Brasília/DF, CEP: 70.043-900